|
|
|
|
| LEADER |
01031nam a2200265 a 4500 |
| 001 |
39969669 |
| 008 |
120515s2010 enka 000 1 eng d |
| 020 |
|
|
|a 0812565681
|
| 020 |
|
|
|a 0613171527
|
| 040 |
|
|
|a JDP
|c JDP
|d IHI
|d OCLCQ
|d BAKER
|d VJA
|d BD-DhAAL
|
| 082 |
0 |
0 |
|a 910.4/5
|2 22
|
| 100 |
1 |
|
|a Dumas, Alexandre,
|d 1802-1870
|
| 245 |
1 |
4 |
|a The count of Monte Cristo /
|c Alexander Dumas
|
| 260 |
|
|
|a Oxford :
|b Oxford University Press,
|c 2010
|
| 300 |
|
|
|a 83 p. :
|b col. ill. ;
|c 21 cm.
|
| 490 |
1 |
|
|a Dominoes. 3.
|
| 541 |
|
|
|e 00025201
|
| 650 |
|
0 |
|a Pirates
|v Fiction
|
| 650 |
|
0 |
|a Dinosaurs
|v Fiction.
|
| 651 |
|
0 |
|a France
|x History
|y 19th century
|v Fiction
|
| 655 |
|
0 |
|a Historical fiction
|
| 830 |
0 |
|
|a Dominoes.
|n 3.
|
| 852 |
1 |
|
|a Ayesha Abed Library
|c General shelf.
|
| 999 |
|
|
|c 12322
|d 12322
|
| 952 |
|
|
|0 0
|1 0
|2 ddc
|4 0
|6 910_450000000000000_DUM
|7 0
|9 20361
|a BRACUL
|b BRACUL
|d 2012-06-03
|e Paragon Enterprises Ltd.
|g 178.00
|l 3
|m 39
|o 910.45 DUM
|p 3010025201
|r 2026-05-07
|s 2026-01-12
|t 1
|w 2012-06-03
|y BK
|x Transferred from BIL to BRACUL on 06/06/22
|